| 000 | 00831cam a2200241 a 4500 | ||
|---|---|---|---|
| 001 | 000002843 | ||
| 005 | 20200929150253.0 | ||
| 008 | 930920s2000 sp a b 001 1 spa | ||
| 020 | _a8437611547 | ||
| 040 |
_aDO-SdBNP _bspa _cBNPHU |
||
| 082 |
_aUY863.3 _bH557n, 2000 |
||
| 100 | 1 |
_aHernández, Felisberto. _d1902-1964 _98996 |
|
| 245 | 1 | 0 |
_aNadie encendía las lámparas / _cFelisberto Hernández ; edición de Enriqueta Morillas. |
| 250 | _a2a ed. | ||
| 260 |
_aMadrid : _bCátedra, _c2000. |
||
| 300 |
_a193 p. : _bil. ; _c18 cm. |
||
| 440 | 0 |
_aLetras hispánicas ; _v361 _94208 |
|
| 504 | _aBibliografía: (p. 67-72). | ||
| 600 | 1 | 0 |
_aHernández, Felisberto _d1902-1964 _xCRÍTICA E INTERPRETACIÓN _98997 |
| 650 | 4 |
_aCuentos uruguayos _98971 |
|
| 650 | 4 |
_aLiteratura uruguaya _93054 |
|
| 700 | 1 |
_aMorillas, Enriqueta, _eed. _98998 |
|
| 999 |
_c2677 _d2677 |
||